000 00561nam a2200229Ia 4500
003 OSt
005 20220918200911.0
006 a|||||r|||| 00| 0
007 ta
008 220917b |||||||| |||| 00| 0 eng d
024 _a90,728
037 _cTextual
040 _aARTS
_cARTS
_beng
041 _2eng
_aeng
082 _aVv1:N5, K9 (MILSC)
100 _aSturley D M
_995951
245 0 _aStudy of history
260 _c1969
650 _aHISTORY
942 _hVv1:N5, K9 (MILSC)
_cTEXL
_2CC
999 _c214389
_d214389